000 01289cam a2200301 a 4500
001 2975951
003 OSt
005 20240213145626.0
008 920127s1992 nyua bf 001 0 eng
010 _a 92004917
020 _a082300371X :
_c$65.00
020 _a9780823003716
040 _aDLC
_cDLC
_dDLC
043 _an-us---
050 0 0 _aNK2116
_b.A85 1992
082 0 0 _a729.068
_220
_bASI
245 0 0 _aASID, American Society of Interior Designers professional practice manual /
_cedited by Jo Ann Asher Thompson for the American Society of Interior Designers.
260 _aNew York :
_bWhitney Library of Design,
_c1992.
300 _a224 p. :
_bill. ;
_c29 cm.
504 _aIncludes bibliographical references and index.
650 0 _aInterior decoration firms
_zUnited States
_xManagement
_xHandbooks, manuals, etc.
_9120344
650 0 _aInterior decoration
_xPractice
_vHandbooks, manuals, etc.
_9120345
700 1 _aThompson, Jo Ann Asher,
_d1948-
_9120346
710 2 _aAmerican Society of Interior Designers.
_9120347
906 _a7
_bcbc
_corignew
_d1
_eocip
_f19
_gy-gencatlg
942 _2ddc
_cBK
999 _c607690
_d607690